000
00347nam a2200145Ia 4500
008
230524s9999 xx 000 0 und d
082
_a
621.3821
_b
SUK
100
_a
R.C.Sukla
245
0
_a
Control Systems
260
_a
NEW DELHI
_b
Dhanpat Rai
_c
2004
300
_a
XII;644+V
500
_a
Quantity Number: 4
650
_a
Electrical
942
_c
BK
999
_c
6600
_d
6600